00348nam a2200133Ia 4500008004100000040001700041041001200058082001600070100002000086245004400106250001200150260003700162300001500199230917s9999||||xx |||||||||||||| ||und|| e114253aMAIN aEnglish a576.5 H255G aHartl, Daniel L 0aGenetics: Analysis of genes and genomes a6th ed. aBostonbJones and Bartlettc2005 axv, 854 p.